000
00267nam a2200109Ia 4500
008
230822s2007 xx 000 0 und d
041
_a
eng
100
_a
JADHA G.A
245
_a
ANTARANG POLISANCHE, KAVYASANGRAH
260
_b
PRAKASH B. PRINTERS
_c
2007
300
_a
50
999
_c
858308
_d
858308